Statystyki dla Z jakiego kraju pochodzi skoczek narciarski???

Kliknij tutaj aby rozwiązać quiz!

Ogólne statystyki

  • Ten quiz został rozwiązany 369 razy
  • Średni wynik to 13 z 15

Statystyki odpowiedzi

SkoczekPaństwo% Poprawnych
5.Dawid KubackiPolska
99%
3.Markus EisenbichlerNiemcy
98%
2.Ryoyu KobayashiJaponia
97%
1.Stefan KraftAustria
96%
4.Robert JohanssonNorwegia
94%
15.Evgeniy KlimovRosja
94%
9.Cestmir KozisekCzechy
92%
7.Peter PrevcSłowenia
90%
8.Antti AaltoFinlandia
89%
6.Simon AmmannSzwajcaria
88%
14.Giovanni BresadolaWłochy
88%
12.Mackenzie Boyd-ClowesKanada
84%
13.Casey LarsonUSA
82%
10.Vladimir ZografskiBułgaria
79%
11.Artti AigroEstonia
69%

Rozkład punktacji

Percentyl według liczby udzielonych odpowiedzi

Procent ludzi z każdym wynikiem

Twoja historia wyników

Nie rozwiązałeś tego quizu